Passeports par image #2 - Statistiques

Statistiques générales
  • Ce quiz a été pris 121 fois
  • Le résultat moyen est 9 sur 15
Statistiques - réponses
Par images Réponse % Correct
Australie
96%
Liban
95%
Turquie
91%
Portugal
80%
Mexique
77%
Maroc
66%
Pays-Bas
66%
Irlande
65%
Allemagne
60%
Argentine
41%
Thaïlande
41%
Kenya
34%
Singapour
31%
Taïwan
24%
Cuba
16%
Aucun quiz correspondant
Distribution des résultats
% des personnes avec chaque résultat
Percentile par nombre de réponses
Votre historique - résultats
Vous n’avez pas pris ce quiz